000 00303nam a22001337a 4500
008 180918b xxu||||| |||| 00| 0 eng d
020 _a9781883589998
041 _aeng
080 _a321
100 _a19
101 _aSHP
245 _aCommon Sense and Foregin Policy
_cStempel, J.D
942 _2udc
_cBK
999 _c47888
_d47888